000 00581nam a2200181Ia 4500
003 IN-BaIIA
008 211028s9999 xx 000 0 eng d
020 _a0-11-887323-7
040 _cIIA Library
080 _a059:52
_bALL-2004
110 _aUnited States. Government Printing Office
_98241
245 4 _aThe astronomical almanac 2004
_cU.S. Government Printing Office
260 _aWashington
_bU. S. Government Printing Office
_c2004
300 _a[various pagings.]
650 _aAlmanac
_910635
650 _aAstronomical almanac
942 _cBK
999 _c15355
_d15355